| 000 | 00649nam a2200181Ia 4500 | ||
|---|---|---|---|
| 005 | 20260429112241.0 | ||
| 008 | 260429s9999||||xx |||||||||||||| ||und|| | ||
| 020 | _a9789387537699 | ||
| 041 | _aHindi | ||
| 082 |
_a371.226 _bSIN |
||
| 100 | _aसिंह, मिथिलेश | ||
| 245 | 0 |
_aमनोविज्ञान एवं शिक्षा में मापन एवं सांख्यिकी / _cमिथिलेश सिंह |
|
| 250 | _a0 | ||
| 260 |
_aनई दिल्ली : _bक्रिसेंट प्रकाशन, _c2025. |
||
| 300 | _avii, 139 p.; Hb | ||
| 650 | _aSocial Sciences | ||
| 942 | _cTB | ||
| 999 |
_c53120 _d53120 |
||